European Bonds - Analysis of Basic Indicators

Salvato in:
Dettagli Bibliografici
Autore principale: Rudašová, Michaela
Altri autori: Kozel, Roman
Natura: Capitolo di libro
Lingua:inglese
Soggetti:
Tags: Aggiungi Tag
Nessun Tag, puoi essere il primo ad aggiungerne!!

MARC

LEADER 00000naa$a2200000$$$4500
001 0269227
005 20240502074222.1
041 0 |a eng 
044 |a SK 
245 1 0 |a European Bonds - Analysis of Basic Indicators  |c Michaela Rudašová, Roman Kozel 
500 |a abstrakt 
610 2 0 |a dlhopisy 
610 2 0 |a riziko 
610 2 0 |a výnosy 
100 1 |a Rudašová, Michaela 
700 1 |a Kozel, Roman